| 000 | 02185cam a22004697a 4500 | ||
|---|---|---|---|
| 003 | CHAP | ||
| 005 | 20220329141837.0 | ||
| 008 | 971204d1996 mx b rs o00010 spa d | ||
| 010 | _a74698 | ||
| 011 | _a75670 | ||
| 020 | _a970-13-1462-X | ||
| 020 | _a970-13-1463-8 | ||
| 020 | _a9701314654 | ||
| 035 | _a85238 | ||
| 040 | _cCHAP | ||
| 082 | 0 | 4 |
_a338.972 _bI59 1996 Chis. |
| 110 | 2 |
_aInstituto Nacional de Estadística, Geografía e Informática. México _959304 |
|
| 245 | 1 | 0 |
_aCuaderno estadístico municipal : _bChiapas _c/por Instituto Nacional de Estadística, Geografía e Informática |
| 260 | 0 |
_aAguascalientes, Ags. : _bInstituto Nacional de Estadística, Geografía e Informática, _c1996-199 |
|
| 300 |
_av. : _bgráfs. ; mapas |
||
| 500 | _ac. de Cuaderno de información básica para la planeación municipal | ||
| 500 | _aLa biblioteca tiene: v.1 Comitán de Domínguez -- v.2 Reforma -- v.3 San Cristobal de las Casas | ||
| 590 |
_aBATCH-UPD _b10 _c20130110 _lUCH01 _h1508 |
||
| 590 |
_aBATCH-UPD _b10 _c20130410 _lUCH01 _h0926 |
||
| 590 |
_aBATCH-UPD _b10 _c20130914 _lUCH01 _h0921 |
||
| 590 |
_aBATCH-UPD _b10 _c20180802 _lUCH01 _h0851 |
||
| 590 |
_aCONVERSION _b10 _c20130109 _lUCH01 _h1341 |
||
| 650 | 1 | 4 |
_aAgricultura _xEstadisticas _zChiapas. _91448 |
| 650 | 1 | 4 |
_aChiapas _xCondiciones sociales. _922227 |
| 650 | 1 | 4 |
_aChiapas _xEstadísticas. _922233 |
| 650 | 1 | 4 |
_aGanadería _xEstadísticas _zChiapas. _944707 |
| 651 | 1 | 4 |
_aChiapas _xCondiciones económicas. _922225 |
| 901 | _aBK | ||
| 905 | _aLilia Sánchez G. | ||
| 942 | _cLIBRO | ||
| 949 |
_a338.972 I59 1996 Chis. _bBC _cINEGI _d333724000684627 _eINEGI _fv.2 c.2 _h92717 _i85238 _sb |
||
| 949 |
_a338.972 I59 1996 Chis. _bBC _cINEGI _d333724000684635 _eINEGI _fv.3 c.2 _h92718 _i85238 _sb |
||
| 949 |
_a338.972 I59 1996 Chis. _bBC _cINEGI _d33724000592861 _eINEGI _fv. 2 _gI. c/e _h92496 _i85238 _sb _t17.00 |
||
| 949 |
_a338.972 I59 1996 Chis. _bBC _cINEGI _d33724000592879 _eINEGI _fv. 3 _gI. c/e _h92497 _i85238 _sb _t19.00 |
||
| 949 |
_a338.972 I59 1996 Chis. _bBC _cINEGI _d33724000592887 _eINEGI _fv.1 _gI. c/e _h92495 _i85238 _sb _t17.00 |
||
| 949 |
_a338.972 I59 1996 Chis. _bBC _cINEGI _d33724000684619 _eINEGI _fv.1 c.2 _h92716 _i85238 _sb |
||
| 999 |
_c74698 _d74698 |
||